000 00894nam a2200265Ia 4500
003 OSt
005 20221005112139.0
006 a|||||r|||| 00| 0
007 ta
008 221004b |||||||| |||| 00| 0 pan d
020 _a8172050054 (hbk)
_cIndian Rupees 200
024 _a33767
037 _bGift, 27/09/2017,
_cTextual
040 _aCRL
_cCRL
_bpan
041 _2pan
_apan
082 _aQ8441:21:g(P), 153Q5
100 _aਸਾਹਿਬ ਸਿੰਘ, ਂਚ.
245 0 _aਗੁਰਬਾਣੀ ਵਿਆਕਰਣ
260 _aਅੰਮ੍ਰਿਤਸਰ
_bਸਿੰਘ ਬ੍ਰਦਰਗ਼ ਭਾਰਤ
_c2015
300 _a444ਪ੍ਰ0
_ccm.
650 _a ਗੁਰਬਾਣੀ
650 _aਵਿਆਕਰਣ
942 _hQ8441:21:g(P), 153Q5
_cTEXL
_2cc
999 _c1023963
_d1023963